000 00212nam a2200097Ia 4500
999 _c7258
_d7258
100 _aRoy J.Ruffin
245 0 _aPrinciples of Economics
260 _aNew York
_bAddison Wesley
_c1996
300 _a800
942 _cBK